000 00343nam a2200145Ia 4500
008 150201s2003 xx 000 0 und d
082 _a610.7
_bB2003P
100 _aPOTTER
245 _aBASIC NURSING : ESSENTIAL FOR PRACTICE
250 _a5TH
260 _bELSEVIER
_aDELHI
_c2003
300 _a1-1000
650 _aNURSING
942 _2ddc
_cBK
999 _c3900
_d3900